000 02287pam a2200565 i 4500
001 3431814
005 20241218134321.0
008 240304s2024 ilu d 000 1 eng
010 _a 2023057984
020 _a9781464218828
_q(trade paperback) :
_c$12.99
020 _a146421882X :
_c$12.99
035 _a(OCoLC)1395537225
035 _a(OCoLC)on1395537225
040 _aDLC
_beng
_erda
_cDLC
042 _apcc
_acyac
050 0 0 _aPZ7.1.S7544
_bHs 2024
082 0 0 _a[Fic]
_223
092 _ayoung adult fiction
_bStone
100 1 _aStone, Leia,
_eauthor.
_96485911
245 1 0 _aHouse of war and bone /
_cLeia Stone.
264 1 _aNaperville, Illinois :
_bBloom Books,
_c2024.
300 _a261 pages ;
_c22 cm.
336 _atext
337 _aunmediated
338 _avolume
490 0 _aThe gilded city ;
_vbook 2
520 _aFallon Bane, cursed to feel pain from touch, accidentally swaps powers with Ariyon, the only person able to touch her, leading her on a perilous journey to save him from the land of souls while navigating her new abilities as a Maven healer as the looming threat of war grows.
521 _aAges 14+
_bBloom Books.
521 _aGrades 10-12.
_bBloom Books.
521 1 _a14-19
_bBrodart.
521 2 _a9-12
_bBrodart.
650 0 _aBlessing and cursing
_vJuvenile fiction.
_95675729
650 0 _aAbility
_vJuvenile fiction.
_95673890
650 0 _aInterpersonal relations
_vJuvenile fiction.
_95675981
650 1 _aFantasy.
650 1 _aBlessing and cursing
_vFiction.
_95675732
650 1 _aAbility
_vFiction.
_95673895
650 1 _aInterpersonal relations
_vFiction.
_95673978
650 7 _aYOUNG ADULT FICTION / Fantasy / Romance.
_2bisacsh
_96451540
650 7 _aYOUNG ADULT FICTION / Romance / Paranormal.
_2bisacsh
_95764492
655 0 _aFantasy fiction.
655 7 _aFantasy fiction.
_2lcgft
655 7 _aNovels.
_2lcgft
655 7 _aFantasy fiction.
_2gsafd
942 _2ddc
_cBOOK
999 _c402647
_d402647